00959nam a2200241 i 450000100060000000300090000600500170001500700030003200800410003502000180007608000320009410000420012624501050016826000710027330000300034460000580037465500480043271000570048085200330053794200080057099900170057895201220059517627ES-MaACL20251003063035.0t|010410s2001 sp ||||1| spa d a84-930430-6-0 a75 Vicente, Esteban (064.3)0 aVicente, Esteban, d1903-2001911433213aEl color es la luz b: Esteban Vicente 1999-2000 : Segovia, del 9 de febrero al 15 de abril de 2001. aSegovia : bMuseo de Arte Contemporáneo Esteban Vicente, c2001. a183 p. : bil. ; c23 cm.04aVicente, Esteban, d1903-2001- vExposiciones9114333 72tgfbne9193628aCatálogos de exposiciones2 aMuseo de Arte Contemporáneo Esteban Vicente.95837 aES-MaACLjL-24517 bR.129827 2udc c17627d17627 00104070aATENEOMbATENEOMcDEPO2d2008-01-17eSCl0oL-24517p1017982r2023-02-23 00:00:00w2023-02-23yMONOGRAFIA